Desmitifica l'alcohol!
Descripción Física:
1 targeta postal : il·lustracions ; 15 x 10 cm
Idioma:
Catalán
MARC
| LEADER | 00000nkm a2200000 a 4500 | ||
|---|---|---|---|
| 001 | 25669 | ||
| 008 | 220526b spa||||| |||| 00| 0 cat d | ||
| 017 | |a B 4616-2016 | ||
| 017 | |a B 6448-2015 | ||
| 017 | |a B 6759-2013 | ||
| 080 | |a NBM-13-172 | ||
| 245 | |a Desmitifica l'alcohol! | ||
| 260 | |a Barcelona : |b Diputació de Barcelona ; |c 2013-2016 | ||
| 300 | |a 1 targeta postal : |b il·lustracions ; |c 15 x 10 cm | ||
| 650 | 0 | |9 53108 |a Alcoholisme |2 Arxiu |x Prevenció | |
| 655 | 0 | |a Targetes postals |9 52685 | |
| 710 | 1 | |a Barcelona (Catalunya : Província). |b Diputació |9 52408 | |
| 942 | |2 udc |n 1 |c ARXIU | ||
| 952 | |0 0 |1 0 |4 0 |6 NBM13172 |7 1 |9 62062 |a Arxiu |b Arxiu |d 2022-05-26 |l 0 |o NBM-13-172 |p 25669 |r 2022-05-26 00:00:00 |w 2022-05-26 |y ARXIU | ||
| 952 | |0 0 |1 0 |2 udc |4 0 |6 NBM1647 |7 1 |9 64867 |a Arxiu |b Arxiu |d 2022-12-20 |l 0 |o NBM-16-47 |p 27126 |r 2022-12-20 00:00:00 |w 2022-12-20 |y ARXIU | ||
| 952 | |0 0 |1 0 |2 udc |4 0 |6 PDL |7 1 |9 64903 |a Arxiu |b Arxiu |d 2022-12-27 |l 0 |o PDL |p 27162 |r 2022-12-27 00:00:00 |w 2022-12-27 |y ARXIU | ||
| 999 | |c 81778 |d 81778 | ||